Programa para el análisis d etendido en líneas eléctricas
Uloženo v:
| Hlavní autor: | |
|---|---|
| Další autoři: | |
| Médium: | Kniha |
| Jazyk: | Spanish |
| Vydáno: |
[San José ], Costa Rica
2016
|
| Témata: | |
| Tagy: |
Přidat tag
Žádné tagy, Buďte první, kdo vytvoří štítek k tomuto záznamu!
|
MARC
| LEADER | 00000nam a22000007a 4500 | ||
|---|---|---|---|
| 003 | 012657 | ||
| 005 | 20230705081955.0 | ||
| 008 | 170926b2016 cr a|||| |m|| 00| ||spa d | ||
| 040 | |c cru CEDI | ||
| 100 | |9 885 |a Herrera Mora, Gabriel Arturo,1991- | ||
| 245 | |a Programa para el análisis d etendido en líneas eléctricas | ||
| 260 | |a [San José ], Costa Rica |c 2016 | ||
| 300 | |a xi, 53 hojas : ilustraciones algunas a color | ||
| 500 | |a Proyecto de graduación (bachillerato en ingeniería eléctrica)--Universidad de Costa Rica. Facultad de Ingeniería. Escuela de Ingeniería Eléctrica | ||
| 501 | |a Profesor Guía de IE-0499 Proyecto Eléctrico: M.Sc. Gonzalo Mora Jiménez | ||
| 650 | |x LINEAS ELECTRICAS AEREAS - DISEÑO |x MATLAB (PROGRAMAS PARA COMPUTADORA) |x DISTRIBUCION DE ENERGIA ELECTRICA |9 9925 | ||
| 700 | |9 731 |a Mora Jiménez, Gonzalo, 1977- |d Director de Proyecto Eléctrico | ||
| 942 | |c CEDI |h TFG 7808 |6 TFG_7808_000000000000000 | ||
| 999 | |c 19012 |d 19012 | ||
